[Event "2015 REGULAR QUAD, S50199"]
[Site "CCLA"]
[Date "2015.05.01"]
[Round "?"]
[White "Cangelosi, Dominic"]
[Black "Metz, Edward"]
[Result "0-1"]
[WhiteElo "1419"]
[BlackElo "1397"]

1. d4 Nf6 2. c4 c5 3. d5 b5 4. Nc3 bxc4 5. e4 Qa5 6. Bd2 Ba6 7. Na4 Qb5 8.
 b3 Nxe4 9. bxc4 Qb7 10. Be3 Bxc4 11. Bxc4 Qb4+ 12. Bd2 Nxd2 13. Qxd2 Qxc4
14. Nxc5 Na6 15. Rc1 Qb5 16. Qc3 e6 17. Nb3 Bb4 0-1

[Event "Premier Quad, S50079"]
[Site "CCLA"]
[Date "2015.03.04"]
[Round "?"]
[White "Vaughan, James"]
[Black "Clancey, James"]
[Result "1-0"]
[WhiteElo "2296"]
[BlackElo "2019"]

1. c4 Nf6 2. d4 c5 3. d5 b5 4. cxb5 a6 5. e3 Bb7 6. Nc3 Qa5 7. Bd2 axb5 8.
 Bxb5 Qb6 9. Nf3 Nxd5 10. Nxd5 Bxd5 11. a4 Bc6 12. Bd3 e6 13. Bc3 Be7 14. 
Ne5 Bf6 15. O-O Qc7 16. f4 Bb7 17. a5 O-O 18. Qh5 h6 19. Rf2 Na6 20. f5 
Bxe5 21. f6 1-0

[Event "Summer Series, S50301"]
[Site "CCLA"]
[Date "2015.07.25"]
[Round "?"]
[White "Avery, Bryce"]
[Black "Stevens, Daniel L."]
[Result "0-1"]
[WhiteElo "1657"]
[BlackElo "1779"]

1. d4 Nf6 2. c4 c5 3. d5 b5 4. cxb5 a6 5. e3 g6 6. Nc3 Bg7 7. Nf3 O-O 8. 
a4 d6 9. Bc4 Nbd7 10. O-O Nb6 11. Bb3 axb5 12. Nxb5 c4 13. Bc2 Nbxd5 14. 
Qe2 Ba6 15. Qxc4 Qd7 16. Bd2 Rfc8 17. Qb3 Nc7 18. Rfc1 Ne6 19. Bb4 Bb7 20.
 Nbd4 Bd5 21. Qd3 Nxd4 22. Nxd4 Bxg2 23. Kxg2 Qb7+ 24. Kg1 Qxb4 25. Qb3 
Qc5 26. Bd1 Qg5+ 27. Kf1 Rcb8 28. Qc2 Nd5 29. Bf3 Bxd4 30. exd4 Ra5 31. 
Bxd5 Qxd5 32. Qd2 Qh1+ 33. Ke2 Qe4+ 34. Kf1 Qh1+ 35. Ke2 Qb7 36. Qxa5 Qe4+
37. Kf1 Qh1+ 38. Ke2 Qe4+ 39. Kf1 Rxb2 40. Qg5 Qe2+ 0-1

[Event "Premier Quad, S50229"]
[Site "CCLA"]
[Date "2015.05.15"]
[Round "?"]
[White "Sereni, Vincent T."]
[Black "Stevens, Daniel L."]
[Result "1-0"]
[WhiteElo "2117"]
[BlackElo "1775"]

1. d4 Nf6 2. c4 c5 3. d5 b5 4. cxb5 a6 5. e3 g6 6. Nc3 Bg7 7. Nf3 O-O 8. 
a4 Bb7 9. Ra3 e6 10. dxe6 fxe6 11. Be2 d5 12. O-O axb5 13. axb5 Nbd7 14. 
Rxa8 Bxa8 15. Qc2 Qb8 16. Rd1 Ng4 17. h3 Nde5 18. hxg4 Nxg4 19. Na4 d4 20.
 e4 d3 21. Rxd3 Bxe4 22. Nxc5 Bxf3 23. Bxf3 Qh2+ 24. Kf1 Qh1+ 25. Ke2 Nxf2
26. Kxf2 1-0

[Event "Premier Quad, S50229"]
[Site "CCLA"]
[Date "2015.05.15"]
[Round "?"]
[White "Jarmuz, Frederick"]
[Black "Stevens, Daniel L."]
[Result "1-0"]
[WhiteElo "1945"]
[BlackElo "1775"]

1. d4 Nf6 2. c4 c5 3. d5 b5 4. cxb5 a6 5. bxa6 g6 6. Nc3 Bg7 7. e4 Bxa6 8.
 Bxa6 Rxa6 9. e5 Ng8 10. Nf3 d6 11. O-O dxe5 12. Qe2 f6 13. Be3 Ra5 14. 
Nd2 Bh6 15. Nb3 Bxe3 16. fxe3 Ra8 17. Nxc5 Nh6 18. Ne6 Qb6 19. d6 Kd7 20. 
Nd5 Qc6 21. Rac1 Qa6 22. Nc5+ 1-0

[Event "2015 REGULAR QUAD, S50219"]
[Site "CCLA"]
[Date "2015.05.11"]
[Round "?"]
[White "Perry, William E."]
[Black "Metz, Edward"]
[Result "1-0"]
[WhiteElo "1440"]
[BlackElo "1397"]

1. d4 Nf6 2. c4 c5 3. d5 b5 4. cxb5 a6 5. bxa6 Bxa6 6. Nc3 e6 7. dxe6 fxe6
8. e4 Bxf1 9. Kxf1 h6 10. Bf4 Be7 11. Bd6 O-O 12. Nf3 Bxd6 13. Qxd6 Qc8 
14. g3 Ra6 15. Qd2 Qb7 16. Kg2 Nxe4 17. Nxe4 Qxe4 18. Qe3 Qxe3 19. fxe3 d6
20. Rhc1 Nd7 21. Nd2 d5 22. b3 e5 23. Rf1 Rff6 24. Rxf6 gxf6 25. Kf3 f5 
26. g4 fxg4+ 27. Kxg4 Rf6 28. Rf1 Rg6+ 29. Kf3 e4+ 30. Kf2 Ne5 31. Rg1 
Ng4+ 32. Ke2 Rg5 33. h3 Ne5 34. Rxg5+ hxg5 35. a4 Nc6 36. Nb1 Kf7 37. Nc3 
Ke7 38. Nxd5+ Kd6 39. Nb6 Na5 40. Nc4+ Nxc4 41. bxc4 Kc6 42. Kf2 1-0

[Event "Summer Series, S50321"]
[Site "CCLA"]
[Date "2015.07.25"]
[Round "?"]
[White "Wright, John"]
[Black "Perry, William E."]
[Result "1-0"]
[WhiteElo "1642"]
[BlackElo "1440"]

1. d4 Nf6 2. c4 c5 3. d5 b5 4. cxb5 a6 5. bxa6 Bxa6 6. Nc3 d6 7. Nf3 g6 8.
 g3 Bg7 9. Bg2 Nbd7 10. Rb1 Nb6 11. b3 Bb7 12. Nh4 O-O 13. O-O Ng4 14. Bb2
Bxc3 15. Bxc3 Rxa2 16. e4 Ne5 17. f4 Ned7 18. f5 Ne5 19. Bxe5 dxe5 20. Qg4
Nd7 21. fxg6 fxg6 22. Nxg6 hxg6 23. Qxg6+ Kh8 24. Qh6+ Kg8 25. Bh3 Nf6 26.
 Be6+ Rf7 27. Rf5 1-0

[Event "Winter Series, S50031"]
[Site "CCLA"]
[Date "2015.01.28"]
[Round "?"]
[White "Jarmuz, Frederick"]
[Black "Zarges, Ron V."]
[Result "1-0"]
[WhiteElo "1945"]
[BlackElo "1660"]

1. d4 Nf6 2. c4 c5 3. d5 b5 4. cxb5 a6 5. bxa6 Bxa6 6. Nc3 d6 7. Nf3 g6 8.
 g3 Bg7 9. Bg2 O-O 10. O-O Qb6 11. Rb1 Ne8 12. Bg5 Qa7 13. Qd2 Nf6 14. b4 
cxb4 15. Rxb4 Nbd7 16. Nd4 Qc7 17. Rc1 Rfc8 18. Nc6 Nb6 19. Qd4 Nfxd5 20. 
Nxd5 Nxd5 21. Qxd5 Bf6 22. Bxf6 exf6 23. Qb3 Qd7 24. Qb2 1-0

[Event "2015  Server Team - Div 3, S53999"]
[Site "CCLA"]
[Date "2015.10.30"]
[Round "?"]
[White "Zaas, Joel"]
[Black "Blankenship, Jerry T."]
[Result "1-0"]
[WhiteElo "1914"]
[BlackElo "1527"]
[Board "3"]
[WhiteTeam "Canadian Snowbirds"]
[BlackTeam "Knights of the Square Table"]

1. d4 Nf6 2. c4 c5 3. d5 b5 4. cxb5 a6 5. bxa6 Bxa6 6. Nc3 d6 7. Nf3 g6 8.
 e4 Bxf1 9. Kxf1 Bg7 10. g3 Nbd7 11. Kg2 O-O 12. a4 Qb6 13. Qe2 Rfb8 14. 
Nb5 Qa6 15. Ra3 Ng4 16. Nd2 Ngf6 17. b3 Ne8 18. Re1 Qb7 19. Nc4 Nc7 20. 
Nxc7 Qxc7 21. Bd2 Bd4 22. Rc1 e6 23. dxe6 fxe6 24. b4 Nb6 25. bxc5 Bxc5 
26. a5 Nxc4 27. Qxc4 Qd7 28. Rd3 Rd8 29. Bb4 Bxb4 30. Qxb4 Rab8 31. Qd2 d5
32. h4 Qb7 33. h5 Qb4 34. Qxb4 Rxb4 35. Rc7 Rxe4 36. h6 1-0

[Event "2015 Server Team Ch - Div 1, S51999"]
[Site "CCLA"]
[Date "2015.10.30"]
[Round "?"]
[White "Waller, Anthony"]
[Black "Vivante-Sowter, John"]
[Result "1-0"]
[WhiteElo "2238"]
[BlackElo "2301"]
[Board "1"]
[WhiteTeam "SchemingMind B"]
[BlackTeam "SchemingMind A"]

1. d4 Nf6 2. c4 e6 3. g3 c5 4. d5 exd5 5. cxd5 b5 6. Nf3 Bb7 7. e4 Nxe4 8.
 Bg2 Be7 9. O-O O-O 10. Re1 f5 11. Nc3 Nxc3 12. bxc3 d6 13. Bf4 Bc8 14. 
Qd3 Bf6 15. h4 h6 16. Rab1 a6 17. h5 Ra7 18. a4 Bg5 19. Qd2 Bxf4 20. Qxf4 
Re7 21. Nh4 Rxe1+ 22. Rxe1 Qf6 23. Ng6 Qxc3 24. Re6 1-0

[Event "Winter Series, S50021"]
[Site "CCLA"]
[Date "2015.01.28"]
[Round "?"]
[White "Miktarian, Harry J."]
[Black "Ramsden, Jim E."]
[Result "1-0"]
[WhiteElo "1817"]
[BlackElo "1819"]

1. d4 Nf6 2. c4 e6 3. g3 c5 4. d5 exd5 5. cxd5 b5 6. Nf3 d6 7. e4 a6 8. a4
b4 9. Bd3 Be7 10. O-O O-O 11. Nbd2 Nbd7 12. a5 Ng4 13. Nc4 f6 14. Bf4 Nge5
15. Nfxe5 fxe5 16. Be3 Nf6 17. Nb6 Rb8 18. Nxc8 Qxc8 19. Qc2 Ng4 20. Bd2 
Qe8 21. h3 Nf6 22. Bxa6 Qg6 23. Rfe1 Nh5 24. Qb3 Bh4 25. Re3 Rf4 26. Rf3 
c4 27. Bxc4 Qxe4 28. gxf4 Qg6+ 29. Kh1 e4 30. Re3 Bxf2 31. f5 Qg5 32. Re2 
Ng3+ 33. Kg2 1-0

[Event "Winter Series, S50051"]
[Site "CCLA"]
[Date "2015.01.28"]
[Round "?"]
[White "Cangelosi, Dominic"]
[Black "Metz, Edward"]
[Result "1/2-1/2"]
[WhiteElo "1441"]
[BlackElo "1397"]

1. d4 Nf6 2. c4 c5 3. d5 e6 4. Nc3 exd5 5. cxd5 Be7 6. d6 Bf8 7. Qd2 Qb6 
8. Qe3+ Kd8 9. Qg5 Qxd6 10. Bf4 Qc6 11. Nf3 d6 12. Bxd6 h6 13. Qh4 Bxd6 
14. e4 Qe8 15. Rd1 Qe7 16. e5 g5 17. Nxg5 Qxe5+ 18. Nce4 Ke7 19. Rxd6 hxg5
20. Qxh8 Qxe4+ 21. Be2 Qb4+ 22. Rd2 Ne4 23. Qd8+ Ke6 24. Qe8+ Kf6 25. Qh8+
Ke7 26. Qd8+ Ke6 27. Qe8+ Kf6 28. Qh8+ 1/2-1/2

[Event "2015 NA Class D Ch - Rd 1 Sect 1, S50111"]
[Site "CCLA"]
[Date "2015.04.27"]
[Round "?"]
[White "Ritzmann, Andrew M."]
[Black "Williams, Rufus H."]
[Result "1-0"]
[WhiteElo "1346"]
[BlackElo "1309"]

1. d4 Nf6 2. c4 e6 3. Nf3 c5 4. d5 exd5 5. cxd5 d6 6. Nc3 Bf5 7. e4 Nxe4 
8. Nxe4 Bxe4 9. Qa4+ Nd7 10. Qxe4+ Qe7 11. Ng5 Qxe4+ 12. Nxe4 Be7 13. Bb5 
O-O-O 14. Bf4 h6 15. Nxd6+ Bxd6 16. Bxd6 Nb6 17. Bxc5 Rxd5 18. Rc1 Kb8 19.
 O-O Ka8 20. a4 Rc8 21. b4 Rd2 22. h3 Ra2 23. Ra1 Rxa1 24. Rxa1 Rd8 25. a5
Kb8 26. axb6 axb6 27. Bxb6 Rd6 28. Bc5 Rd5 29. Ba7+ Ka8 30. Ra5 h5 31. 
Bd4+ Kb8 32. Bxg7 b6 33. Ra6 Rxb5 34. Bf8 Kb7 35. Ra4 Kb8 36. Bd6+ Kb7 37.
 Ra1 Rd5 38. Bf4 Rd4 39. Be3 Rxb4 40. f4 Rb3 41. Kf2 Rb2+ 42. Kf3 Rb4 43. 
g4 Rb5 44. g5 Rb2 45. Rd1 Ka6 46. Rd6 Ka5 47. f5 b5 48. g6 fxg6 49. fxg6 
Rc2 50. g7 Rc8 51. Bg5 Rg8 52. Bd8+ Ka4 53. Rd7 b4 54. Bf6 Kb3 55. Rf7 Kc2
56. Rf8 Rxg7 57. Bxg7 b3 58. Rh8 b2 59. Bxb2 Kxb2 60. Rxh5 Kc3 61. Ke4 Kc4
62. Re5 1-0

[Event "2015 NA Class D Ch - Rd 1 Sect 2, S50121"]
[Site "CCLA"]
[Date "2015.04.27"]
[Round "?"]
[White "Benson, Katie J."]
[Black "Latta, David A."]
[Result "1/2-1/2"]
[WhiteElo "1185"]
[BlackElo "1276"]

1. d4 f5 2. e3 Nf6 3. Bd3 g6 4. Nc3 Bg7 5. Nf3 O-O 6. O-O Ng4 7. h3 Nh6 8.
 e4 f4 9. Bxf4 Rxf4 10. g3 Rxf3 11. Qxf3 Qf8 12. Qxf8+ Kxf8 13. Nd5 Bxd4 
14. Nxc7 d6 15. Nxa8 e5 16. Nc7 Bd7 17. Rab1 Bxh3 18. Rfe1 Ng4 19. Re2 Nc6
20. a3 Bxf2+ 21. Rxf2+ Nxf2 22. Kxf2 Nd4 23. c3 Nb3 24. Rh1 Bg4 25. Rxh7 
Kg8 26. Rh1 Nd2 27. Rh6 Kg7 28. Rh1 Bf3 29. Nb5 Bxh1 30. Nxd6 Kf6 31. Nxb7
Nf3 32. Bf1 Kg5 33. Bg2 Bxg2 34. Kxg2 Ne1+ 35. Kf1 Nd3 36. b4 Kg4 37. Kg2 
Ne1+ 38. Kf2 Nc2 39. Nc5 Nxa3 40. Nd3 Nc4 41. Nc5 Na3 42. Nd7 Nb1 43. 
Nxe5+ Kg5 44. c4 Kf6 45. Nc6 a6 46. Nb8 Nd2 47. Nxa6 Nxc4 48. b5 Ke5 49. 
Kf3 Nd2+ 50. Ke3 Nxe4 51. b6 Nd6 52. Nc5 Nc4+ 53. Kf3 Nxb6 54. Kg4 Kf6 55.
 Nd3 Nc4 56. Nf4 Ne3+ 57. Kf3 1/2-1/2

[Event "Winter Series, S50041"]
[Site "CCLA"]
[Date "2015.01.28"]
[Round "?"]
[White "Stevenson, Wayne"]
[Black "Berger, Byron"]
[Result "1-0"]
[WhiteElo "1702"]
[BlackElo "1511"]

1. d4 f5 2. e3 e6 3. Nf3 Nf6 4. Bd3 b6 5. c3 Bb7 6. Nbd2 Be7 7. O-O O-O 8.
 Qe2 d6 9. e4 fxe4 10. Nxe4 Nxe4 11. Bxe4 Nc6 12. Re1 Rf6 13. Ng5 1-0

[Event "Winter Series, S50021"]
[Site "CCLA"]
[Date "2015.01.28"]
[Round "?"]
[White "Havrilla, Mark"]
[Black "Miktarian, Harry J."]
[Result "1-0"]
[WhiteElo "1857"]
[BlackElo "1817"]

1. d4 f5 2. Bg5 h6 3. Bh4 g5 4. e3 Nf6 5. Bg3 d6 6. h4 g4 7. h5 Nc6 8. Nc3
Bd7 9. Bc4 e5 10. Nge2 Qe7 11. Bh4 Qg7 12. Bxf6 Qxf6 13. Nd5 Qd8 14. Qd2 
Bg7 15. O-O-O Rf8 16. f3 Ne7 17. dxe5 Bxe5 18. Nef4 Nxd5 19. Bxd5 Qf6 20. 
Qb4 Bxf4 21. exf4 Rb8 22. Qa5 Kd8 23. Qxa7 Kc8 24. Rde1 c6 25. Bb3 Kc7 26.
 fxg4 fxg4 27. g3 Ra8 28. Qe3 Rfe8 29. Qd2 Qf5 30. Rd1 d5 31. Qc3 Qe4 32. 
Rhg1 Qe3+ 33. Qd2 b5 34. Rde1 Qc5 35. Rgf1 Bf5 36. Rxe8 Rxe8 37. Re1 Re4 
38. c3 Kd6 39. Rxe4 Bxe4 40. Qd4 Qxd4 41. cxd4 c5 42. dxc5+ Kxc5 43. Kd2 
Bf5 44. Bc2 Bd7 45. Bg6 Kd6 46. Kd3 1-0

[Event "Summer Series, S50311"]
[Site "CCLA"]
[Date "2015.07.25"]
[Round "?"]
[White "Greco, Tom"]
[Black "Disque, Philip"]
[Result "1-0"]
[WhiteElo "1641"]
[BlackElo "1614"]

1. d4 f5 2. Bg5 h6 3. Bh4 g5 4. e4 Nf6 5. e5 gxh4 6. exf6 exf6 7. Qh5+ Ke7
8. Nh3 d5 9. Nc3 c6 10. Bd3 Qe8 11. Qxh4 Rg8 12. Be2 Kd8 13. O-O-O Qe6 14.
 Nf4 Qd6 15. Rhe1 Rg4 16. Ne6+ Bxe6 17. Bxg4 fxg4 18. Qxf6+ Kd7 19. Re5 
Na6 20. Rde1 Nc7 21. f4 gxf3 22. gxf3 Re8 23. f4 Bg4 24. Qf7+ Be7 25. Nd1 
Kd8 26. Nf2 Bd7 27. Nd3 Bh4 28. Nc5 Kc8 29. Rxe8+ Nxe8 30. Rxe8+ Bd8 31. 
Rxd8+ Kc7 32. Rxd7+ 1-0

[Event "Winter Series, S50051"]
[Site "CCLA"]
[Date "2015.01.28"]
[Round "?"]
[White "Perry, William E."]
[Black "Cangelosi, Dominic"]
[Result "0-1"]
[WhiteElo "1442"]
[BlackElo "1441"]

1. d4 f5 2. Bg5 g6 3. Nc3 Bg7 4. e3 Nf6 5. h4 O-O 6. Be2 e6 7. h5 Qe8 8. 
h6 Bh8 9. Qd3 d5 10. O-O-O Nbd7 11. f3 c5 12. dxc5 Nxc5 13. Qb5 Nfd7 14. 
Nh3 a6 15. Qb4 b6 16. Qh4 Bxc3 17. bxc3 b5 18. Qd4 Rf7 19. f4 Bb7 20. Bh4 
e5 21. fxe5 Qxe5 22. Qxe5 Nxe5 23. Nf4 Rd7 24. Bf3 Nxf3 25. gxf3 Re8 26. 
Kd2 d4 27. exd4 Bxf3 28. Rdg1 Bxh1 29. Nh5 Ne4+ 0-1

[Event "Summer Series, S50341"]
[Site "CCLA"]
[Date "2015.07.25"]
[Round "?"]
[White "Stetson, Micah P."]
[Black "Bearce, Harold L."]
[Result "1-0"]
[WhiteElo "1403"]
[BlackElo "1111"]

1. d4 f5 2. Nc3 d5 3. Bg5 g6 4. f3 Bg7 5. Qd2 Bf6 6. O-O-O Nd7 7. Nxd5 
Bxg5 8. Qxg5 e6 9. Qxd8+ Kxd8 10. Nc3 Ngf6 11. e4 c5 12. dxc5 Ke7 13. exf5
exf5 14. Bc4 Nxc5 15. f4 b6 16. Nd5+ Kf8 17. Nxf6 Nd7 18. Nxd7+ Bxd7 19. 
Rxd7 1-0

[Event "2015 NA Server Ch (CCLA Rules), S50169"]
[Site "CCLA"]
[Date "2015.04.27"]
[Round "?"]
[White "Shnaiderman, Lazar"]
[Black "Belanoff, Stuart"]
[Result "0-1"]
[WhiteElo "2043"]
[BlackElo "2264"]

1. d4 f5 2. Nc3 Nf6 3. Bg5 d5 4. Bxf6 exf6 5. e3 Be6 6. Bd3 Nc6 7. a3 Qd7 
8. Nge2 Bd6 9. Nb5 Be7 10. Nf4 Bf7 11. Qf3 O-O-O 12. h4 g6 13. O-O-O Kb8 
14. Nc3 Na5 15. Kb1 Rhe8 16. Nfe2 h5 17. Nf4 Qd6 18. Qe2 c6 19. Na4 Ka8 
20. Nc5 Nc4 21. Qf3 Qc7 22. Nb3 Bd6 23. Rhe1 a5 24. Ne2 Qe7 25. Nd2 a4 26.
 g3 Rd7 27. c3 Bxa3 28. Bxc4 dxc4 29. Nf4 Bd6 30. d5 Bc5 31. dxc6 Rd6 32. 
cxb7+ Kb8 33. Ka1 a3 34. bxa3 g5 35. Ne2 Ra6 36. Nb1 Bxa3 37. Rd2 Qc5 38. 
Ra2 Bb2+ 39. Kxb2 Qb5+ 40. Ka1 Rxa2+ 41. Kxa2 Qb3+ 0-1

[Event "Summer Series, S50341"]
[Site "CCLA"]
[Date "2015.07.25"]
[Round "?"]
[White "Cain, Larry F."]
[Black "Bearce, Harold L."]
[Result "1-0"]
[WhiteElo "1353"]
[BlackElo "1111"]

1. Nf3 f5 2. d4 Nf6 3. Nbd2 e6 4. a3 d6 5. e3 Nc6 6. Bb5 Bd7 7. b4 Qe7 8. 
Bb2 O-O-O 9. O-O g6 10. Rb1 Bg7 11. c4 Nb8 12. a4 Nc6 13. Ba3 Rhf8 14. a5 
a6 15. Ba4 Rg8 16. b5 axb5 17. a6 bxa4 18. axb7+ Kb8 19. Qxa4 1-0

[Event "2015 Server Team Ch - Div 1, S51999"]
[Site "CCLA"]
[Date "2015.10.30"]
[Round "?"]
[White "Vivante-Sowter, John"]
[Black "O'Connell, Chris"]
[Result "1-0"]
[WhiteElo "2301"]
[BlackElo "2399"]
[Board "1"]
[WhiteTeam "SchemingMind A"]
[BlackTeam "Pennsylvania Keystones"]

1. d4 f5 2. g3 Nf6 3. Nf3 g6 4. Bg2 Bg7 5. O-O O-O 6. b3 d6 7. Bb2 Qe8 8. 
c4 Na6 9. Qc2 c6 10. Nbd2 Bd7 11. a3 b5 12. Ne1 Rb8 13. Nd3 Nc7 14. e3 
bxc4 15. bxc4 Qf7 16. Rab1 Rfc8 17. Rfc1 Qe8 18. c5 Ncd5 19. Nc4 Bf8 20. 
f3 Nc7 21. Re1 Be6 22. Rbc1 Qd7 23. Re2 Bxc4 24. Qxc4+ d5 25. Qa2 Qe8 26. 
Bc3 Bg7 27. Rce1 e6 28. a4 g5 29. h3 h5 30. Rb1 g4 31. Reb2 Bh6 32. f4 
Rxb2 33. Rxb2 gxh3 34. Bxh3 Na6 35. Bf1 Rb8 36. Ne5 Rxb2 37. Qxb2 Qc8 38. 
Be1 Nb8 39. Qb4 Ng4 40. Qa5 Nxe5 41. dxe5 Qd7 42. Be2 Bf8 43. Bxh5 Qb7 44.
 Qd8 Na6 45. g4 Nxc5 46. Kg2 fxg4 47. Qg5+ Qg7 48. Bg6 Qh6 49. Qxg4 Be7 
50. Bb4 Kg7 51. Bh5+ 1-0

[Event "2015  Server Team - Div 3, S53999"]
[Site "CCLA"]
[Date "2015.10.30"]
[Round "?"]
[White "Stetson, Micah P."]
[Black "Acosta, Errol"]
[Result "1-0"]
[WhiteElo "1403"]
[BlackElo "1494"]
[Board "5"]
[WhiteTeam "Canadian Snowbirds"]
[BlackTeam "Idaho Mountaineers"]

1. d4 e6 2. Nc3 f5 3. e4 fxe4 4. Nxe4 Nf6 5. Bg5 Be7 6. Bxf6 Bxf6 7. Qh5+ 
g6 8. Qh6 Bxd4 9. O-O-O Nc6 10. Rxd4 Nxd4 11. Qg7 Rf8 12. Qxd4 d5 13. Nc3 
Qg5+ 14. Kb1 Rf4 15. Qh8+ Rf8 16. Qxh7 Rxf2 17. Nh3 Rxf1+ 18. Rxf1 Qxg2 
19. Qf7+ Kd8 20. Qf8+ Kd7 21. Rf7+ Kc6 22. Qe8+ Kd6 23. Qe7+ Ke5 24. Qxc7+
1-0

[Event "Winter Series, S50051"]
[Site "CCLA"]
[Date "2015.01.28"]
[Round "?"]
[White "Shaffer, Aaron"]
[Black "Cangelosi, Dominic"]
[Result "0-1"]
[WhiteElo "1551"]
[BlackElo "1441"]

1. d4 f5 2. c4 e6 3. Nf3 c6 4. Bg5 g6 5. e3 Nf6 6. Nc3 Bg7 7. Bd3 O-O 8. 
O-O d5 9. c5 Nbd7 10. b4 b5 11. a4 a6 12. a5 Qc7 13. Ne5 Nxe5 14. Bxf6 
Bxf6 15. dxe5 Bxe5 16. Qc2 Bxh2+ 17. Kh1 Be5 18. Rab1 Qg7 19. Na2 Qh6+ 20.
 Kg1 Qh2# 0-1

[Event "2015 NA Class C Ch - Rd 1 Sect 2, S50101"]
[Site "CCLA"]
[Date "2015.04.27"]
[Round "?"]
[White "Hodgkins, Neil C."]
[Black "Cangelosi, Dominic"]
[Result "0-1"]
[WhiteElo "1442"]
[BlackElo "1441"]

1. d4 f5 2. c4 Nf6 3. Qc2 e6 4. Bg5 Be7 5. Nf3 O-O 6. Nc3 c6 7. e4 d5 8. 
exf5 exf5 9. Bd3 Ne4 10. Bxe7 Qxe7 11. Ne5 Nd7 12. cxd5 Nxe5 13. Bxe4 fxe4
14. dxe5 Qxe5 15. dxc6 e3 16. fxe3 Qxe3+ 17. Qe2 Qxe2+ 18. Nxe2 Re8 19. 
cxb7 Bxb7 20. Rg1 Ba6 21. O-O-O Rxe2 22. h4 Rc8+ 23. Kb1 Bb7 24. g3 Be4+ 
25. Ka1 Rcc2 26. Rb1 Rcd2 27. Rbc1 Bf5 28. Rc5 Rg2 29. Rf1 Rgf2 30. Rcc1 
Rxb2 0-1

[Event "2015 REGULAR QUAD, S50379"]
[Site "CCLA"]
[Date "2015.08.20"]
[Round "?"]
[White "Hodgkins, Neil C."]
[Black "Parenteau, Mike"]
[Result "0-1"]
[WhiteElo "1433"]
[BlackElo "1632"]

1. d4 f5 2. c4 Nf6 3. Nf3 g6 4. Nc3 Bg7 5. Bg5 O-O 6. Qc2 d6 7. O-O-O Ng4 
8. e3 c6 9. h3 Nf6 10. g3 Qe8 11. Bg2 e5 12. dxe5 dxe5 13. Rhe1 Na6 14. a3
e4 15. Nd4 Nc5 16. Bf1 Nfd7 17. Bf4 Ne5 18. Bxe5 Qxe5 19. b4 Ne6 20. f4 
exf3 21. Qf2 Ng5 22. h4 Ne6 23. Qxf3 a5 24. Kb2 axb4 25. axb4 Rd8 26. Nce2
c5 27. bxc5 Qxc5 28. Nc3 Ra3 29. Nd5 Rxd5 30. Qxd5 Qb4+ 0-1

[Event "Summer Series, S50341"]
[Site "CCLA"]
[Date "2015.07.25"]
[Round "?"]
[White "Leber, David"]
[Black "Bearce, Harold L."]
[Result "1-0"]
[WhiteElo "1311"]
[BlackElo "1111"]

1. d4 f5 2. c4 e6 3. Nc3 Bb4 4. e3 Nf6 5. Bd3 d6 6. Nf3 b6 7. Bd2 O-O 8. 
O-O Bb7 9. Qb3 Ba5 10. Ng5 Re8 11. c5 Bxc3 12. Bxc3 Qd7 13. Bxf5 Re7 14. 
cxb6 cxb6 15. Bxe6+ 1-0

[Event "2015  Server Team - Div 3, S53999"]
[Site "CCLA"]
[Date "2015.10.30"]
[Round "?"]
[White "Tibbert, Peter H."]
[Black "Siegfried, Will"]
[Result "0-1"]
[WhiteElo "1789"]
[BlackElo "1724"]
[Board "3"]
[WhiteTeam "BCCA Bishops"]
[BlackTeam "Idaho Mountaineers"]

1. c4 f5 2. g3 Nf6 3. Bg2 g6 4. Nc3 Bg7 5. Nf3 O-O 6. O-O d6 7. d4 Qe8 8. 
d5 Na6 9. Rb1 Nc5 10. b4 Nce4 11. Nb5 Qd8 12. Bb2 e5 13. dxe6 Bxe6 14. Qc2
c6 15. Nbd4 Bf7 16. h3 d5 17. c5 Re8 18. e3 Qc7 19. Ne2 h6 20. Rfd1 Rad8 
21. Rd3 Rd7 22. Bd4 g5 23. Qb2 Re6 24. Be5 Qd8 25. Ned4 Re8 26. Nxf5 Bg6 
27. g4 Bxf5 28. gxf5 Rde7 29. Bd4 Qd7 30. Nh2 Qxf5 31. Rdd1 h5 32. f3 Ng3 
33. Rd2 g4 34. fxg4 hxg4 35. Rf2 Qd3 36. hxg4 Nfe4 37. Bxe4 Nxe4 38. Rff1 
Bxd4 39. exd4 Nd2 40. Rbd1 Qg3+ 41. Kh1 Re2 0-1

[Event "2015 REGULAR QUAD, S50379"]
[Site "CCLA"]
[Date "2015.08.20"]
[Round "?"]
[White "Tarrant, Johnny L."]
[Black "Parenteau, Mike"]
[Result "0-1"]
[WhiteElo "1154"]
[BlackElo "1632"]

1. d4 f5 2. g3 Nf6 3. Bg2 g6 4. Nf3 Bg7 5. O-O O-O 6. c4 d6 7. Nc3 c6 8. 
b3 Qe8 9. Re1 Na6 10. Bb2 e5 11. e4 f4 12. Ba3 c5 13. Nb5 Qe7 14. dxe5 
dxe5 15. Ng5 h6 16. Nf3 Bg4 17. h3 Rad8 18. Qb1 Bxf3 0-1

[Event "Summer Series, S50321"]
[Site "CCLA"]
[Date "2015.07.25"]
[Round "?"]
[White "Graupera, Carlos"]
[Black "Cangelosi, Dominic"]
[Result "0-1"]
[WhiteElo "1466"]
[BlackElo "1419"]

1. d4 f5 2. c4 e6 3. Nf3 Nf6 4. Nc3 c6 5. g3 d5 6. Bg2 Bb4 7. Bf4 Ne4 8. 
Qc2 Nd7 9. O-O Ndf6 10. Ne5 O-O 11. a3 Ba5 12. Nxe4 fxe4 13. f3 Bc7 14. 
fxe4 dxe4 15. Bxe4 Qxd4+ 0-1

[Event "Summer Series, S50321"]
[Site "CCLA"]
[Date "2015.07.25"]
[Round "?"]
[White "Wright, John"]
[Black "Cangelosi, Dominic"]
[Result "1-0"]
[WhiteElo "1642"]
[BlackElo "1419"]

1. d4 f5 2. g3 c6 3. Bg2 e6 4. c4 Nf6 5. Nh3 d5 6. O-O Bd6 7. Bf4 O-O 8. 
Nd2 Bxf4 9. Nxf4 Qb6 10. cxd5 Nxd5 11. Nc4 Qd8 12. Nxd5 exd5 13. Ne5 Nd7 
14. f4 Nxe5 15. dxe5 Be6 16. Qd3 Qb6+ 17. Kh1 h5 18. b3 Kf7 19. Bh3 Rh8 
20. Bxf5 Bxf5 21. Qxf5+ Ke7 22. Qg5+ Kf7 23. f5 Rh6 24. e6+ Kg8 25. f6 Qc7
26. e7 Rh7 27. f7+ 1-0

[Event "Winter Series, S50041"]
[Site "CCLA"]
[Date "2015.01.28"]
[Round "?"]
[White "McLaughlin, Ed"]
[Black "Berger, Byron"]
[Result "0-1"]
[WhiteElo "1493"]
[BlackElo "1511"]

1. d4 f5 2. g3 e6 3. Bg2 Nf6 4. c4 Bb4+ 5. Bd2 Bxd2+ 6. Nxd2 O-O 7. Nh3 d6
8. O-O Qe7 9. f4 e5 10. dxe5 dxe5 11. Qb3 e4 12. Rad1 Kh8 13. Rfe1 Nc6 14.
 a3 b6 15. Nf1 Qc5+ 16. Nf2 Na5 17. Qb5 Qxc4 18. Qe5 Nc6 19. Qc3 Qxc3 20. 
bxc3 Ba6 21. Ne3 g6 22. Nc2 Rad8 23. Nb4 Nxb4 24. axb4 Rxd1 25. Nxd1 Rd8 
26. Ne3 Rd2 27. Bf1 Kg7 28. Kf2 Rd6 29. Bh3 Rc6 30. Ra1 Bc8 31. c4 a6 32. 
Rd1 Be6 33. Rd4 Ne8 34. Nd5 Nf6 35. Ne3 Kf7 36. Ke1 Ke7 37. Kd2 Rd6 38. 
Kc3 c5 39. bxc5 bxc5 40. Rd1 Rxd1 41. Nxd1 Nd7 42. e3 Nb6 43. Bf1 a5 44. 
Kb3 a4+ 45. Kc3 a3 46. Kb3 a2 47. Kxa2 Bxc4+ 48. Bxc4 Nxc4 49. h3 h6 50. 
g4 fxg4 51. hxg4 Nd6 52. Kb3 Kf6 53. Nf2 h5 54. Kc3 h4 55. Nh3 Ke6 56. Kb3
Kd5 57. Kc3 Nc4 58. f5 gxf5 59. gxf5 Nxe3 60. f6 Ke6 61. f7 Kxf7 62. Ng5+ 
Kg6 63. Nxe4 h3 64. Nf2 h2 65. Kd3 Ng4 66. Nh1 Kf5 67. Kc4 Kf4 68. Kxc5 
Kf3 0-1

[Event "Summer Series, S50331"]
[Site "CCLA"]
[Date "2015.07.25"]
[Round "?"]
[White "Simonson, Jay"]
[Black "Acosta, Errol"]
[Result "0-1"]
[WhiteElo "1404"]
[BlackElo "1494"]

1. d4 e6 2. c4 f5 3. g3 Nf6 4. Bg2 Be7 5. Nf3 O-O 6. d5 Qe8 7. O-O Na6 8. 
dxe6 dxe6 9. Ne5 c6 10. Be3 Nc7 11. Bg5 a5 12. a4 Qh5 13. Bxf6 Rxf6 14. 
Nd2 g5 15. Ndf3 Na6 16. Nd7 Rh6 17. h4 gxh4 18. gxh4 Nc7 19. Bh3 Bxh4 20. 
Qd4 Be7 21. Bg2 Ne8 22. Rfd1 Nd6 23. Nb6 Rg6 24. Qe5 Nf7 25. Qf4 Rh6 26. 
Nxa8 e5 27. Qh2 Qg6 28. Qg3 Ng5 29. Nxg5 f4 30. Qf3 Qxg5 31. Nb6 Bg4 32. 
Qe4 Rg6 33. Nd7 Bh3 34. Nxe5 Bxg2 35. Nf3 Bxf3+ 36. Kf1 Qg2+ 37. Ke1 Qg1+ 
38. Kd2 Rd6+ 39. Kc2 Bxe4+ 40. Kb3 Bc2+ 41. Kc3 Bxd1 0-1